000 00593nam a2200229Ia 4500
003 OSt
005 20220918204751.0
006 a|||||r|||| 00| 0
007 ta
008 220917b |||||||| |||| 00| 0 eng d
024 _a114,023
037 _cTextual
040 _aARTS
_cARTS
_beng
041 _2eng
_aeng
082 _aV5:190730MY92:N1, G1
100 _aPeterson
_9113023
245 0 _aCompaign against America neutrality 1914-1917
260 _c1931
650 _aHISTORY
942 _hV5:190730MY92:N1, G1
_cTEXL
_2CC
999 _c237354
_d237354